CMOS Mixed-Signal Circuit Design (Record no. 346744)

MARC details
000 -LEADER
fixed length control field 00494nam a2200169Ia 4500
008 - FIXED-LENGTH DATA ELEMENTS--GENERAL INFORMATION
fixed length control field 230718s9999 xx 000 0 und d
020 ## - INTERNATIONAL STANDARD BOOK NUMBER
International Standard Book Number 9788126516575
041 ## - LANGUAGE CODE
Language code of text/sound track or separate title eng
082 ## - DEWEY DECIMAL CLASSIFICATION NUMBER
Classification number 621.395
Item number BAK
100 ## - MAIN ENTRY--PERSONAL NAME
Personal name Baker R.J.
245 ## - TITLE STATEMENT
Title CMOS Mixed-Signal Circuit Design
Remainder of title Volume II of CMOS: Circuit Design, Layout, And Simulation
260 ## - PUBLICATION, DISTRIBUTION, ETC. (IMPRINT)
Date of publication, distribution, etc. 2014
Name of publisher, distributor, etc. Wiley
300 ## - PHYSICAL DESCRIPTION
Extent 501
365 ## - TRADE PRICE
Currency code Rs.
Price amount 669.00
700 ## - ADDED ENTRY--PERSONAL NAME
Personal name Baker R.J.
906 ## - LOCAL DATA ELEMENT F, LDF (RLIN)
d O:0584416-Jan-2018B:498909-Jan-2018
c MTE
b 2435.16
Holdings
Withdrawn status Lost status Damaged status Not for loan Home library Current library Date acquired Vendor Budget Code Cost, normal purchase price Bill number Total Checkouts Full call number Barcode Date last seen Discount Cost, replacement price Bill Date Koha item type Original Barcode
        Cummins College of Engineering for Women Pune Cummins College of Engineering for Women Pune 16/01/2018 Vaibhav Book House MTE 481.68 4989   621.395 CCEP-BK-57951 18/07/2023 2435.16 669.00 09/01/2018 Books 057951